Départements des Alpes françaises - Statistiques

Statistiques générales
  • Ce quiz a été pris 8 487 fois
  • Le résultat moyen est 7 sur 9
Statistiques - réponses
Départements % Correct
73 | Savoie
95%
74 | Haute-Savoie
94%
06 | Alpes-Maritimes
88%
05 | Hautes-Alpes
87%
38 | Isère
81%
04 | Alpes-de-Haute-Provence
79%
83 | Var
64%
26 | Drôme
61%
84 | Vaucluse
60%
Aucun quiz correspondant
Distribution des résultats
% des personnes avec chaque résultat
Percentile par nombre de réponses
Votre historique - résultats
Vous n’avez pas pris ce quiz